Vista normal
Vista MARC
Entrada Topical Term
Número de registros utilizados en: 1
001 - CONTROL NUMBER
- control field: 11465
003 - CONTROL NUMBER IDENTIFIER
- control field: OSt
005 - DATE AND TIME OF LATEST TRANSACTION
- control field: 20201013183129.0
008 - FIXED-LENGTH DATA ELEMENTS
- fixed length control field: 201013|| aca||aabn | a|a d
040 ## - CATALOGING SOURCE
- Original cataloging agency: OSt
- Transcribing agency: OSt
150 ## - HEADING--TOPICAL TERM
- Topical term or geographic name entry element: Guerra de la Independencia
- Chronological subdivision: 1810-1822
- Geographic subdivision: Colombia
670 ## - SOURCE DATA FOUND
- Source citation: Work cat.: (OSt)5692: Lievano Aguirre, Indalecio, autor 4099, Los grandes conflictos sociales y económicos de nuestra Historia / , 1984